Ensayo de marcado-recaptura para la estimación de tasas de crecimiento en peces arrecifales del género Acanthurus (Registro nro. 14461)

Detalles MARC
000 -CABECERA
Campo de control 003970000a22001210004500
090 ## - CLASIFICACIÓN LOCAL
Colección AS
Consecutivo Seriadas
041 0# - IDIOMA
Código de idioma para texto/pista de sonido o título separado
100 1# - ASIENTO PRINCIPAL--NOMBRE PERSONAL
Nombre personal Duarte, Sergio A.
245 10 - MENCION DE TITULO
Título Ensayo de marcado-recaptura para la estimación de tasas de crecimiento en peces arrecifales del género Acanthurus
700 1# - ASIENTO SECUNDARIO - NOMBRE PERSONAL
Nombre personal Acero P., Arturo
773 1# - Item fuente:
Título Caldasia
Especificación de materiales 45
Descripción física 1
Paginas del Articulo 115-120
Lugar, editorial y fecha de publicación 1992
Información sobre la relación 17
942 ## - ELEMENTOS ADICIONALES (KOHA)
Tipo de ítem Artículo

No hay ítems disponibles.